000
00328nam a22001457a 4500
008
230601b ||||| |||| 00| 0 eng d
020
_a
9781260106763
041
_a
eng
080
_2
FIFTH EDITION
_a
94
082
_a
94DEA
100
_a
28
101
_a
HIS
245
_a
AMERICAN DEMOCRACY NOW
_c
DEARDORFF.
942
_2
udc
_c
BK
999
_c
59900
_d
59900